Mạng Nơron nhân tạo

محفوظ في:
التفاصيل البيبلوغرافية
المؤلف الرئيسي: Lê, Minh Trung (Tác giả)
التنسيق: كتاب
اللغة:Vietnamese
منشور في: TP. Hồ Chí Minh Nhà xuất bản thống kê 2000
الموضوعات:
الوسوم: إضافة وسم
لا توجد وسوم, كن أول من يضع وسما على هذه التسجيلة!
Thư viện lưu trữ: Mạng thư viện Đại học Đà Nẵng
LEADER 01108nam a22003498a 4500
001 000012924
003 9248
005 20120305090320.0
008 120305s2000 b 000 0 vieod
020 |c 65000 đ  |d 2000b 
041 0 |a vie 
080 |a ĐN(523)23=V 
082 |a 006.32  |b LE-T 
084 |a V9:F973  |b B557Đ 
100 1 |a Lê, Minh Trung  |e Tác giả 
245 1 0 |a Mạng Nơron nhân tạo  |c Lê, Minh Trung 
260 |a TP. Hồ Chí Minh  |b Nhà xuất bản thống kê  |c 2000 
300 |a 527 tr.  |c 22cm 
653 |a giáo trình 
653 |a mạng 
700 |a Lê, Minh Trung  |e Tác giả 
910 |a Nguyễn Thị Lê Na 
OWN |a LSP 
AVA |a UDN50  |b LSP  |d 006.32 LE-T  |e available  |t Error 5001 Not defined in file expand_doc_bib_avail.  |f 2  |g 0  |h N  |i 0  |k 1 
999 |a From the UDN01 
AVA |a UDN50  |b LSP  |d 006.32 LE-T  |e available  |t Error 5001 Not defined in file expand_doc_bib_avail.  |f 2  |g 0  |h N  |i 0  |k 1 
TYP |a Monograph 
TYP |a Printed language 
980 |a Mạng thư viện Đại học Đà Nẵng